Quiz o polskiej muzyce - Statystyki

Ogólne statystyki
  • Ten quiz został rozwiązany 34 razy
  • Średni wynik to 12 z 23
Statystyki odpowiedzi
Hint Odpowiedź % Poprawnych
6. Podaj tytuł legendarnego talent-show emitowanego w Polsacie w latach 2002–2005, który wypromował takie gwiazdy jak Alicja Janosz, Monika Brodka czy Krzysztof Zalewski. Idol
79%
5. Podaj nazwę najważniejszej polskiej nagrody muzycznej, przyznawanej od 1995 roku. Fryderyk
75%
1. Podaj tytuł piosenki, z którą zespół Ich Troje wystąpił w finale Eurowizji w 2003 roku, zajmując najwyższe w historii zespołu, 7. miejsce. Keine Grenzen – Żadnych granic
75%
14. Legendarny raper, członek grup Kaliber 44 i Paktofonika, wykonawca utworu „Jestem Bogiem”, który zmarł tragicznie w 2000 roku. Magik
75%
20. Raper młodego pokolenia, autor albumu „Młody Matczak” oraz hitów takich jak „Schodki”, „Papuga” czy głośnej „Patointeligencji”. Mata
75%
11. Wybitna poetka i autorka tekstów ponad 2000 piosenek, autorka słów do hitów Maryli Rodowicz (np. „Małgośka”) oraz Seweryna Krajewskiego. Agnieszka Osiecka
71%
9. Podaj nazwę wielkopolskiego miasta, w którym w latach 80. odbywał się najważniejszy festiwal polskiej muzyki rockowej i alternatywnej, będący oazą wolności dla ówczesnej młodzieży. Jarocin
71%
7. Najpopularniejszy aktor i piosenkarz polskiego międzywojnia, gwiazda filmów „Piętro wyżej” czy „Czy Lucyna to dziewczyna?”, zmarły tragicznie w radzieckim łagrze. Eugeniusz Bodo
68%
8. Wybitna polska wokalistka jazzowa i estradowa, wykonawczyni utworu „Małe tęsknoty” oraz hitu „Jesteś lekiem na całe zło”. Krystyna Prońko
68%
4. W którym zespole grał gitarzysta, który po skandalu obyczajowym (Zdjęcie spodni przed publiką) na koncercie we Wrocławiu w 1986 r. doprowadził do rocznego zawieszenia działalności grupy? Lady Pank
61%
17. Polski kompozytor, piosenkarz, multiinstrumentalista, śpiewał między innymi "Czekasz na tę jedną chwilę", czy "Uciekaj moje serce". Seweryn Krajewski
57%
18. Wybitny pianista i kompozytor, autor muzyki do hitów Alicji Majewskiej („Jeszcze się tam żagiel bieli”) oraz Edyty Geppert („Jaka róża, taki cierń”). Włodzimierz Korcz
50%
19. Dziennikarz radiowy, komentator „Szkła kontaktowego” i artysta kabaretowy, autor hitu „Piłem w Spale, spałem w Pile”. Artur Andrus
46%
16. Wymień 4 utwory, które co najmniej dwukrotnie zajmowały 1. miejsce w Polskim Topie Wszech Czasów (Radiowa Trójka / Radio 357)(Stan na rok 2025). Dziwny jest ten świat (4)
46%
3. Podaj nazwę projektu muzycznego (lub jego kontynuacji), w ramach którego polscy artyści wykonywali polskie wersje hitów z Jugosławii, takich jak „Gdzie są przyjaciele moi” czy „Miasto budzi się”. Yugoton / Yugopolis
43%
16. Wymień 4 utwory, które co najmniej dwukrotnie zajmowały 1. miejsce w Polskim Topie Wszech Czasów (Radiowa Trójka / Radio 357)(Stan na rok 2025). Autobiografia (3)
36%
15. Najpopularniejszy polski kolektyw hip-hopowy i wytwórnia (SBM Label), założona przez Solara i Białasa SB Maffija
36%
13. Podaj nazwę zespołu, który stworzył utwór „Wieża radości, wieża samotności”, uznany w jednym z głosowań radiowych za najważniejszą polską piosenkę wszech czasów. Sztywny Pal Azji
32%
12. Artysta, którego album z nurtu rock/soul, jako pierwszy w Polsce zyskał status "Złotej Płyty"; wykonawca w 1967 r. wstrząsnął Opolem protest-songiem o tym samym tytule. Czesław Niemen
29%
2. Wybitny polski aktor i piosenkarz, wykonawca utworu „Moja miłość największa” (muzyka Włodzimierz Korcz). Michał Bajor
29%
10. Polski autor tekstów piosenek i producent. Najbardziej znany jest ze współpracy z Budką Suflera oraz z zespołem Lady Pank, twórca słów do hitów takich jak „Mniej niż zero” czy „Małe tęsknoty”. Andrzej Mogielnicki
21%
16. Wymień 4 utwory, które co najmniej dwukrotnie zajmowały 1. miejsce w Polskim Topie Wszech Czasów (Radiowa Trójka / Radio 357)(Stan na rok 2025). Biała Flaga (2)
14%
16. Wymień 4 utwory, które co najmniej dwukrotnie zajmowały 1. miejsce w Polskim Topie Wszech Czasów (Radiowa Trójka / Radio 357)(Stan na rok 2025). Nie pytaj o Polskę (6)
11%
Nie znaleziono quizów pasujących do podanych kryteriów
Rozkład punktacji
Procent ludzi z każdym wynikiem
Percentyl według liczby udzielonych odpowiedzi
Twoja historia wyników
Nie rozwiązałeś tego quizu